Facteurs associés à la mortinatalité chez les gestantes drépanocytaires au centre hospitalier universitaire départemental du Borgou/Alibori au Bénin (notice n° 1535095)
[ vue normale ]
| 000 -LEADER | |
|---|---|
| fixed length control field | 00825cam a2200229 4500500 |
| 005 - DATE AND TIME OF LATEST TRANSACTION | |
| control field | 20251012020341.0 |
| 041 ## - LANGUAGE CODE | |
| Language code of text/sound track or separate title | fre |
| 042 ## - AUTHENTICATION CODE | |
| Authentication code | dc |
| 100 10 - MAIN ENTRY--PERSONAL NAME | |
| Personal name | Agbeille, M. F. |
| Relator term | author |
| 245 00 - TITLE STATEMENT | |
| Title | Facteurs associés à la mortinatalité chez les gestantes drépanocytaires au centre hospitalier universitaire départemental du Borgou/Alibori au Bénin |
| 260 ## - PUBLICATION, DISTRIBUTION, ETC. | |
| Date of publication, distribution, etc. | 2025.<br/> |
| 500 ## - GENERAL NOTE | |
| General note | 67 |
| 700 10 - ADDED ENTRY--PERSONAL NAME | |
| Personal name | Vodouhe, M. |
| Relator term | author |
| 700 10 - ADDED ENTRY--PERSONAL NAME | |
| Personal name | Chogou, J. |
| Relator term | author |
| 700 10 - ADDED ENTRY--PERSONAL NAME | |
| Personal name | Noudamadjo, A. |
| Relator term | author |
| 700 10 - ADDED ENTRY--PERSONAL NAME | |
| Personal name | Kpanidja, MG |
| Relator term | author |
| 700 10 - ADDED ENTRY--PERSONAL NAME | |
| Personal name | Adedemy, JD |
| Relator term | author |
| 700 10 - ADDED ENTRY--PERSONAL NAME | |
| Personal name | Romulus, G |
| Relator term | author |
| 700 10 - ADDED ENTRY--PERSONAL NAME | |
| Personal name | Agossou, J |
| Relator term | author |
| 786 0# - DATA SOURCE ENTRY | |
| Note | Périnatalité | 16 | 3 | 2025-02-15 | p. 87-93 | 2678-6524 |
| 856 41 - ELECTRONIC LOCATION AND ACCESS | |
| Uniform Resource Identifier | <a href="https://shs.cairn.info/revue-perinatalite-2024-3-page-87?lang=fr&redirect-ssocas=7080">https://shs.cairn.info/revue-perinatalite-2024-3-page-87?lang=fr&redirect-ssocas=7080</a> |
Pas d'exemplaire disponible.




Réseaux sociaux